Géneros periodísticos complementarios: una aproximación crítica a los formatos del periodismo visual

-д хадгалсан:
Номзүйн дэлгэрэнгүй
Үндсэн зохиолч: López Hidalgo, Antonio (autor)
Формат: Ном
Хэл сонгох:испани
Хэвлэсэн: Ciudad de México Alfaomega 2009
Хэвлэл:1a. ed
Цуврал:Comunicación Social
Нөхцлүүд:
Шошгууд: Шошго нэмэх
Шошго байхгүй, Энэхүү баримтыг шошголох эхний хүн болох!

MARC

LEADER 00000nam a2200000 a 4500
001 UCH2514
003 CL-VaPUC
008 090618e20090000MX |||||||||||||||||spa|d
020 |a 9786077686118 
082 0 4 |a 070.4  |b LOP  |2 21 
100 |a López Hidalgo, Antonio  |e autor  |9 537372 
245 1 0 |a Géneros periodísticos complementarios: una aproximación crítica a los formatos del periodismo visual 
250 |a 1a. ed 
300 |a 266 p 
942 |c BK 
945 |d 20090618 00:00:00  |a rbrito 
260 |a Ciudad de México  |b Alfaomega  |c 2009 
650 0 |a Periodismo   |9 310113 
650 0 |a Medios de comunicación de masas  |9 257273 
650 7 |a GENERO PERIODISTICO  |2 CL-VaPUC  |9 537373 
650 0 |a Fotoperiodismo  |9 537374 
650 7 |a NOTICIA PERIODISTICA  |2 CL-VaPUC  |9 406378 
583 |a last modification  |c 20090618 00:00:00  |k Rodrigo Vera 
490 0 |a Comunicación Social 
999 |c 334245  |d 334243 
952 |0 0  |1 0  |4 0  |6 070_400000000000000_LOP_2009  |7 0  |8 A  |9 423107  |a BIBCUR  |b BIBCUR  |d 2019-11-22  |i 4562186  |o 070.4 LOP 2009  |p 4562186  |r 2025-04-22  |w 2019-11-22  |y BK  |k PER